ბათუმის შოთა რუსთაველის სახელმწიფო უნივერსიტეტის ბიბლიოთეკა

მართლმსაჯულება და კანონი №2(58) 2018 (ბიბ.ჩანაწერი № 56261)

000 -LEADER
fixed length control field 00796nam a2200217Ia 4500
001 - CONTROL NUMBER
control field 23363
003 - CONTROL NUMBER IDENTIFIER
control field GE_BSU
008 - FIXED-LENGTH DATA ELEMENTS--GENERAL INFORMATION
fixed length control field 181216s||||||||xx |||||||||||||| ||und||
040 ## - CATALOGING SOURCE
Transcribing agency GE_BSU
245 ## - TITLE STATEMENT
Title მართლმსაჯულება და კანონი №2(58) 2018
245 ## - TITLE STATEMENT
Remainder of title მართლმსაჯულების სიახლე
245 ## - TITLE STATEMENT
Statement of responsibility, etc. რედ.ნ.ძიძიგური.
260 ## - PUBLICATION, DISTRIBUTION, ETC.
Place of publication, distribution, etc. თბილისი
260 ## - PUBLICATION, DISTRIBUTION, ETC.
Date of publication, distribution, etc. 2018წელი
300 ## - PHYSICAL DESCRIPTION
Extent 175გვ; 26სმ;
653 ## - INDEX TERM--UNCONTROLLED
Uncontrolled term მართლმსაჯულება და კანონი №2(58) 2018
653 ## - INDEX TERM--UNCONTROLLED
Uncontrolled term მართლმსაჯულების სიახლე
653 ## - INDEX TERM--UNCONTROLLED
Uncontrolled term ნაჩუქარი
653 ## - INDEX TERM--UNCONTROLLED
Uncontrolled term პერიოდიკა
942 ## - ADDED ENTRY ELEMENTS (KOHA)
Koha item type პერიოდიკა
ეგზემპლარები
Withdrawn status Lost status Damaged status Not for loan Date acquired Barcode Date last seen Price effective from Koha item type
        2018-12-17 P79648 2018-12-17 2018-12-17 პერიოდიკა